| 000 | 00427nam a22001697a 4500 | ||
|---|---|---|---|
| 005 | 20160622121713.0 | ||
| 008 | 160622b xxu||||| |||| 00| 0 eng d | ||
| 020 | _a978-81-7758-999-3 | ||
| 041 | _aeng | ||
| 082 | _b9202 | ||
| 100 |
_aSehiffman, Lean C. and Kanuk, Leslic lazer _92499 |
||
| 245 | _aConsumer Behaviour | ||
| 260 |
_bPearson Education Delhi _c2008 |
||
| 300 | _a581 | ||
| 650 |
_aManagement _9241 |
||
| 942 | _cBK | ||
| 999 |
_c3554 _d3553 |
||